Bài tập tiếng Anh 11
Bài tập tiếng Anh 11 được biên soạn để giúp các học sinh củng cố và phát triển những gì các em được học qua sách giáo khoa. Sách gồm có 16 đơn vị bài tập cho 4 phần: Reading, Language focus Speaking, Writing.
Gespeichert in:
| 1. Verfasser: | |
|---|---|
| Format: | Buch |
| Sprache: | Undetermined |
| Veröffentlicht: |
Hà Nội
Giáo dục
2013
|
| Schlagworte: | |
| Tags: |
Tag hinzufügen
Keine Tags, Fügen Sie den ersten Tag hinzu!
|
| Thư viện lưu trữ: | Trung tâm Học liệu Trường Đại học Cần Thơ |
|---|
| LEADER | 00883nam a2200217Ia 4500 | ||
|---|---|---|---|
| 001 | CTU_185212 | ||
| 008 | 210402s9999 xx 000 0 und d | ||
| 020 | |c 7800 | ||
| 082 | |a 428.0076 | ||
| 082 | |b V121 | ||
| 100 | |a Hoàng, Văn Vân | ||
| 245 | 0 | |a Bài tập tiếng Anh 11 | |
| 245 | 0 | |c Hoàng Văn Vân (Chủ biên) | |
| 260 | |a Hà Nội | ||
| 260 | |b Giáo dục | ||
| 260 | |c 2013 | ||
| 520 | |a Bài tập tiếng Anh 11 được biên soạn để giúp các học sinh củng cố và phát triển những gì các em được học qua sách giáo khoa. Sách gồm có 16 đơn vị bài tập cho 4 phần: Reading, Language focus Speaking, Writing. | ||
| 650 | |a English language | ||
| 650 | |x Study and teaching (Secondary) | ||
| 904 | |i Hải | ||
| 980 | |a Trung tâm Học liệu Trường Đại học Cần Thơ | ||